000 00877nam a2200217Ia 4500
003 OSt
005 20210825120727.0
008 210310s1994 eu fr 000 0 spa d
040 _aCO-JMCR
_cCO-JMCR
041 0 _aspa
082 0 4 _a330.9861 /
_bB213c2
_223
110 2 _aBanco Interamericano de Desarrollo
_96750
245 1 0 _aColombia :
_binforme socioeconómico /
_cBanco Interamericano de Desarrollo
260 _aWashington, D.C. :
_bBanco Interamericano de Desarrollo,
_c1994
300 _a82 páginas ;
_c28 cm.
500 _aIncluye notas a pie de página.
504 _aBibliografía: páginas [83-85]
505 0 _aSituación económica reciente y perspectivas -- La agenda de los años noventa: apertura y reforma del Estado -- El Estado en la provisión de servicios sociales
651 2 _aColombia
_vInformes
_xCondiciones económicas
_939683
942 _2ddc
_cBK
999 _c8411
_d8411